00945cam a22002771 4500001001100000005001700011008003900028010001600067035002100083040001800104050002400122082001000146100003600156245010900192260004000301300002600341490005500367650002100422650003300443650002800476650002400504650002400528651002200552655002900574700006400603000000385620170406115347.0730605s1955 nyu 000 0 eng a 55006394 a(DLC) 55006394 aDLCcDLCdDLC00aPR3482b.H5aPR349000a823.61 aGoldsmith, Oliver,d1730?-1774.14aThe vicar of Wakefield, and other writings. /cEdited, with an introd. and notes by Frederick W. Hilles. aNew York :bModern Library,c[1955] axxv, 580 p. ;c19 cm.0 aThe Modern library of the world's best books [291] 0aClergyvFiction. 0aChildren of clergyvFiction. 0aPoor familiesvFiction. 0aAbductionvFiction. 0aPrisonersvFiction. 0aEnglandvFiction. 7aDomestic fiction.2lcsh.1 aHilles, Frederick W.q(Frederick Whiley),d1900-1975.,eed.